KOHA-Header-6

نماز کی سب سے بڑی کتاب (Record no. 13548)

000 -LEADER
fixed length control field 00365nam a22001217a 4500
082 ## - DEWEY DECIMAL CLASSIFICATION NUMBER
Classification number 297.09
Item number ن زی
100 ## - MAIN ENTRY--AUTHOR NAME
Personal name سید نزیرالحق
245 ## - TITLE STATEMENT
Title نماز کی سب سے بڑی کتاب
260 ## - PUBLICATION, DISTRIBUTION, ETC. (IMPRINT)
Place of publication لاہور
Name of publisher ضیاء القرآن پبلیکیشنز
Year of publication ٢٠٠٥
300 ## - PHYSICAL DESCRIPTION
Number of Pages ٨٥٥ صفحات
650 ## - SUBJECT ADDED ENTRY--TOPICAL TERM
Topical Term Islam, Namaz, Arkan e Islam
942 ## - ADDED ENTRY ELEMENTS (KOHA)
Koha item type Books
Holdings
Withdrawn status Lost status Collection code Permanent Location Current Location Shelving location Date acquired Full call number Accession Number Koha item type
    Islamic Studies MAJU MAJU Shelf No.A-9 2022-12-13 297.09 ن زی 10645 Books

Powered by Koha